000 00524nam a2200181 a 4500
005 20141126173055.0
008 140122b1997 ck ||||| |||| 00| 0 spa d
040 _cCO-BoIH
041 _aspa
044 _ack
090 _aIAVH
_b00245
110 _bCorporación Suna Hisca
_94007
245 _aDiseño y producción de un juego audivisual para educación ambiental
260 _aBogotá
_bCorporación Suna Hisca
_bInstituto Alexander von Humboldt
_c1997
300 _a19 p.
942 _cINFORME
_2z
945 _d2004-02-05
999 _c3706
_d3706